000 00455nam a22001817a 4500
005 20251108172310.0
008 250721s1998 xx 000 0 ara d
082 1 4 _a793.73
100 1 _aالبدوي، خليل
245 1 0 _aدنيا الألغاز /
264 1 _aعمان :
_bدار الإسراء،
_c1998.
300 _a96ص
650 1 7 _aخلي
650 1 7 _aالألغاز
650 1 7 _aالتسلية
942 _2ddc
_cBK
999 _c75506
_d75506